La reforma educacional: carta pastoral del Comité Permanente del Episcopado, sobre Educación
Na minha lista:
| Autor Corporativo: | |
|---|---|
| Formato: | Livro |
| Idioma: | espanhol |
| Publicado em: |
Santiago
Paulinas
1981
|
| coleção: | Colección Fermento en la Masa, 18
|
| Assuntos: | |
| Tags: |
Adicionar Tag
Sem tags, seja o primeiro a adicionar uma tag!
|
MARC
| LEADER | 00000cam a2200000 a 4500 | ||
|---|---|---|---|
| 001 | UCX0978 | ||
| 003 | CL-VaPUC | ||
| 008 | 900502e19810000CL |||||||||||||||||spa|d | ||
| 082 | 0 | 4 | |a 262.3 |b CON |2 21 |
| 110 | 2 | |a Conferencia Episcopal de Chile |e author |9 316346 | |
| 245 | 1 | 3 | |a La reforma educacional: carta pastoral del Comité Permanente del Episcopado, sobre Educación |
| 300 | |a 32 p | ||
| 942 | |c BK | ||
| 945 | |d 19900502 00:00:00 | ||
| 260 | |a Santiago |b Paulinas |c 1981 | ||
| 650 | 7 | |a CARTAS PASTORALES |2 CL-VaPUC |9 316347 | |
| 650 | 0 | |a Educación |9 258661 | |
| 650 | 0 | |a Aspectos religiosos |9 257320 | |
| 583 | |a last modification |c 20160726 01:45:31 |k Rodrigo Vera | ||
| 490 | 0 | |a Colección Fermento en la Masa, 18 | |
| 999 | |c 222338 |d 222336 | ||
| 952 | |0 0 |1 2 |4 0 |6 262_300000000000000_CON_1981 |7 0 |8 P |9 216879 |a BIBGIM |b BIBGIM |d 2019-11-15 |i 2858541 |o 262.3 CON 1981 |p 2858541 |r 2019-11-15 |w 2019-11-15 |y BK |k SSL | ||
| 952 | |0 0 |1 0 |3 erb |4 0 |6 262_300000000000000_CON_1981 |7 0 |8 A |9 216887 |a BIBTEO |b BIBTEO |e Villagrán Garnham, Jorge |i 5317657 |o 262.3 CON 1981 |p 5317657 |r 2025-01-17 |w 2019-11-15 |y BK |z Catalogado en:20160731 |k ICR | ||
| 952 | |0 0 |1 0 |3 erb |4 0 |6 262_300000000000000_CON_1981 |7 0 |8 A |9 216888 |a BIBTEO |b BIBTEO |e Villagrán Garnham, Jorge |i 5317649 |o 262.3 CON 1981 |p 5317649 |r 2025-01-17 |w 2019-11-15 |y BK |z Catalogado en:20160731 |k ICR | ||
| 952 | |0 0 |1 0 |3 erb |4 0 |6 262_300000000000000_CON_1981 |7 0 |8 A |9 216889 |a BIBTEO |b BIBTEO |e Villagrán Garnham, Jorge |i 5317630 |o 262.3 CON 1981 |p 5317630 |r 2025-01-17 |w 2019-11-15 |y BK |z Catalogado en:20160731 |k ICR | ||